Pietermaritzburg directory 2011/2012.
| Format: | Book |
|---|---|
| Published: |
Pinetown:
Brabys: 2012.
|
| Edition: | 48th ed. |
| Subjects: |
| LEADER | 00478cam a2200157 7i4500 | ||
|---|---|---|---|
| 001 | 0000028836 | ||
| 005 | 20130606090000.0 | ||
| 020 | 0 | 0 | |a 1868988414 |
| 090 | 0 | 0 | |a S. AF 338.7025 |b PIE |
| 245 | 0 | 0 | |a Pietermaritzburg directory 2011/2012. |
| 250 | 0 | 0 | |a 48th ed. |
| 260 | 0 | 0 | |a Pinetown: |b Brabys: |b 2012. |
| 300 | # | # | |a 165 p. |
| 650 | 0 | 0 | |a Business -- |x Directories -- |z Pietermaritzburg, South Africa |
| 651 | 0 | 0 | |a South Africa |
| 999 | |a B000032345 |b Directories |c Countries |e Business Information Centre | ||


